Score 0/12 Timer 01:00
1 Play Today
% Correct
Remain
96.3%
Linger
94.9%
Reside
94.5%
Hang
94.4%
Perch
92.5%
Hover
91.1%
Squat
91%
Roost
87.2%
Bide
86.8%
Lag
86.5%
Tarry
68.2%
Sojourn
44.5%

Today's Daily Dose

Remove Ads.
Support Sporcle.
Get the best of Sporcle when you Go Orange. This ad-free experience offers more features, more stats, and more fun while also helping to support Sporcle. Thank you for becoming a member.

You're not logged in!

Compare scores with friends on all Sporcle quizzes.
OR
Log In

Show Comments

Extras

Top Quizzes Today


Score Distribution

Your Account Isn't Verified!

In order to create a playlist on Sporcle, you need to verify the email address you used during registration. Go to your Sporcle Settings to finish the process.

Report this User

Report this user for behavior that violates our Community Guidelines.

Details: